| 000 | 00647cam a2200217ua 4500 | ||
|---|---|---|---|
| 001 | 9382 | ||
| 008 | 150821n ii |||gr||||Z||||||eng | ||
| 020 | _a9788176257473 | ||
| 040 | _cMAIN | ||
| 041 | _aeng | ||
| 082 | _a155.4 | ||
| 100 |
_aSkinner, Charles E, _eAuthor. |
||
| 245 | 1 |
_aChild psychology : _bchild development and modern education / _cby Charles E Skinner . |
|
| 250 | _a1st Indian rep. ed. | ||
| 260 |
_aNew Delhi: _bSarup book publishers pvt ltd, _c2011. |
||
| 300 | _a569p. | ||
| 653 | _aDifferential & developmental psychology | ||
| 653 | _aChild psychology | ||
| 700 |
_aHarriman, Philip Lawrence, _eAuthor. |
||
| 942 | _cBK | ||
| 999 |
_c8440 _d8440 |
||